Statistics for Indianapolis Colts Trivia

Click here to take the quiz!

General Stats

  • This quiz has been taken 343 times
  • The average score is 10 of 13

Answer Stats

HintAnswer% Correct
What quarterback was drafted with the 1st pick in the 2012 draft?Andrew Luck
99%
Who is the all-time leading passer in Colts history?Peyton Manning
99%
What city did the Colts used to play in?Baltimore
96%
What event is held Indianapolis each year to help teams evaluate potential draft picks?NFL Scouting Combine
86%
Who played quarterback for the Colts from 1956–1972, winning
four NFL championships?
Johnny Unitas
83%
What receiver caught 112 touchdown passes from that quarterback?Marvin Harrison
80%
What stadium do the Colts play in?Lucas Oil Stadium
78%
What receiver has averaged over 1,000 receiving yards per season since
joining the team in 2012?
T. Y. Hilton
78%
Who was the coach of the team that won the 2006 Super Bowl?Tony Dungy
77%
What receiver caught 67 touchdown passes from him?Reggie Wayne
74%
What running back was known as Edge for short?Edgerrin James
69%
What Colts quarterback later became the coach of the 49ers?Jim Harbaugh
66%
What safety was the NFL Defensive Player of the Year in 2007?Bob Sanders
40%

Score Distribution

Percentile by Number Answered

Percent of People with Each Score

Your Score History

You have not taken this quiz